[Event "Rohde op 06th"]
[Site "Sautron"]
[Date "2006.10.29"]
[Round "2"]
[White "Berthelot, Yannick"]
[Black "Wirig, Anthony"]
[Result "1-0"]
[WhiteElo "2309"]
[BlackElo "2439"]
[Annotator "RR"]
[PlyCount "88"]
[EventDate "2006.10.28"]
[Source "ChessBase"]
[SourceDate "2006.11.23"]

1. e4 1... e6 {Une petite surprise car le lorrain joue rarement la defense
francaise et il prefere le dragon accelere.} (1... c5 2. Nf3 Nc6 3. d4 cxd4 4.
Nxd4 g6 5. c4 Nf6 6. Nc3 d6 7. f3 Nxd4 8. Qxd4 {
Berthelot,Y-Wirig,A/FRA-chT Top 16 GpB 2005 (1)/ - }) 2. d4 d5 3. Nc3 Bb4 4. e5
c5 5. a3 Bxc3+ 6. bxc3 Qa5 (6... Ne7 {Plus courant mais les blancs ont
actuellement des bons resultats sur le sacrifice de P} 7. Qg4 Qc7 8. Qxg7 Rg8
9. Qxh7) 7. Bd2 7... Qa4 {
Le theme de la variante pour occuper la case forte "a4"} 8. Qb1 $1 {
Yannick est tres a l'aise contre la winawer} 8... a6 (8... c4 {Empeche Qb3
mais la fermeture du centre laisse les mains libres aux blancs a l'aile-roi
pour y prendre de l'espace} 9. Nh3 (9. h4 Nc6 10. h5 $14)) 9. Qb3 $1 (9. Nf3)
9... Qxb3 10. cxb3 $14 {La paire de B et l'avantage d'espace donnent
l'initiative aux blancs et Yannick est dangereux lorsqu'il a l'initiative}
10... Nc6 (10... cxd4 11. cxd4 Nc6 12. Nf3 $14) 11. Nf3 (11. dxc5 Nxe5 12. f4
Nd7 13. Be3 Ngf6 14. Bd3) 11... Na5 12. Rb1 c4 13. bxc4 dxc4 14. Ng5 Ne7 15.
Ne4 15... O-O 16. Be2 {
Une nouveaute mais en fait, c'est une simple interversion de coups.} (16. Nd6)
16... Bd7 17. O-O Bc6 18. Nd6 b5 19. Bd1 19... Nc8 $146 ({RR} 19... Nb7 20.
Nxb7 Bxb7 21. Bc2 h5 22. f4 g6 23. g3 Bc6 24. Kf2 Kg7 25. h4 Rfb8 26. Rb2 Rb7
27. Ra1 Rab8 28. Be3 Kf8 29. Bc1 a5 30. Bd2 30... Rb6 {
0-1 Demakov,P (2196)-Lysyj,I (2490)/Tomsk 2003/CBM 095 ext}) 20. Nxc8 Rfxc8 21.
Bc2 Bd5 22. f4 22... Nb3 23. Be3 a5 24. g4 (24. f5) 24... b4 25. cxb4 axb4 26.
axb4 Rcb8 27. Rf2 27... Ra2 $4 {Pour l'anecdote, j'ai joue contre le MI WIRIG
la semaine derniere. Il est tres sympathique et on a beaucoup discute lors de
l'analyse.  C'est l'un des derniers meilleurs joueurs sur le serveur playchess
(2800) mais il a reconnu qu'il jouait beaucoup moins sur Internet depuis
quelques mois. En effet, il s'est apercu qu'il avait des problemes pour se
readapter au jeu "physique" en 3 d et qu'il devenait coutumier des gaffes.  Le
MI de Sautron PHAM MINH Hoang m'a egalement confirme que le jeu intensif en
ligne nuisait a la comprehension du jeu.} 28. Bxh7+ 28... Kxh7 29. Rxa2 {
la partie est finie et l'entraineur de l'equipe jeune de Sautron marque un
point important.} 29... Rxb4 30. Bd2 Rb7 31. Bc3 Bf3 32. h3 Rd7 33. Kf2 Be4 34.
Re1 Bc6 35. Ra6 Bd5 36. Ke3 Kg8 37. h4 Rb7 38. h5 Kh7 39. f5 Rd7 40. Rf1 Rb7
41. Kf4 Rd7 42. g5 Rc7 43. Rd6 Rc8 44. Rd7 44... Kg8 1-0

[Event "US Masters op"]
[Site "Hendersonville"]
[Date "2007.03.16"]
[Round "5"]
[White "Francisco, Richard"]
[Black "Ho, Conrad"]
[Result "0-1"]
[WhiteElo "2234"]
[BlackElo "2201"]
[PlyCount "54"]
[EventDate "2007.03.10"]
[Source "ChessBase"]
[SourceDate "2010.11.26"]

{C16: French: 3 Nc3 Bb4 4 e5: Lines without ...c5
} 1. e4 e6 2. d4 d5 3. Nc3
Bb4 4. e5 Ne7 5. Bd2 b6 6. f4 6... Ba6 {last book move} 7. Nb5 Bxd2+ 8. Qxd2
Qd7 9. a4 9... O-O {Black castles and improves king safety} 10. Nf3 10... c6 {
Black threatens to win material: c6xb5} 11. Nd6 {The knight dominates} 11...
Bxf1 12. Rxf1 c5 13. Ra3 {White loses the right to castle} (13. Kf2 $5 $11 {
should be considered}) 13... Nbc6 14. Qf2 (14. Kf2 $5 $15 {
might be a viable alternative}) 14... f6 15. dxc5 fxe5 (15... Ng6 16. Nh4 Nxh4
17. Qxh4 fxe5 18. Rh3 $19) 16. fxe5 16... Ng6 {
Black threatens to win material: Ng6xe5} 17. Qe3 (17. cxb6 $5 $142 {
has some apparent merit} 17... axb6 18. Qxb6 $17) 17... bxc5 $19 18. Qxc5 Ncxe5
19. Nb5 (19. Nxe5 Nxe5 20. Rxf8+ Rxf8 21. Re3 $19) 19... Nc4 20. Rb3 e5 21. Nc7
Rad8 22. Nd2 (22. Qxa7 e4 23. Nd2 Nxd2 24. Rxf8+ Nxf8 25. Rb8 Rxb8 26. Qxb8 $19
) 22... Nf4 23. Rg3 (23. Rxf4 {the only chance to get some counterplay} 23...
exf4 24. Nxc4 dxc4 25. Qxc4+ Rf7 26. Kf2 Qd2+ 27. Kf3 $19) 23... Qxa4 24. Rxf4
exf4 (24... Rxf4 $4 25. Qe7 Qd7 26. Rxg7+ Kh8 27. Qxd7 Rxd7 28. Rxd7 $18) 25.
Rxg7+ Kxg7 26. Qe7+ (26. Nxc4 {cannot change what is in store for ?} 26... Qxc4
(26... dxc4 $6 27. Qg5+ Kh8 28. Qe5+ Kg8 29. Qg5+ Kf7 30. Qf5+ Kg8 31. Qg5+ Kh8
32. Qe5+ Kg8 33. Qg5+ $11) 27. Qe7+ 27... Kg6 $19) 26... Kh8 27. Ne6 Qd7 (27...
Qd7 28. Qxd7 Rxd7 29. Nxf8 Re7+ 30. Kd1 Nxb2+ 31. Kc1 31... Nc4 $19) 0-1

[Event "Dresden ol (Men) 38th"]
[Site "Dresden"]
[Date "2008.11.19"]
[Round "6"]
[White "Bacrot, Etienne"]
[Black "Socko, Bartosz"]
[Result "1-0"]
[WhiteElo "2705"]
[BlackElo "2631"]
[Annotator "Ftacnik,L"]
[PlyCount "61"]
[EventDate "2008.11.13"]
[Source "ChessBase"]
[SourceDate "2009.01.28"]

1. e4 e6 2. d4 d5 3. Nc3 Bb4 4. e5 c5 5. a3 Bxc3+ 6. bxc3 Ne7 7. Qg4 O-O 8. Bd3
Nbc6 9. Qh5 Ng6 10. Nf3 Qc7 11. Be3 c4 12. Bxg6 fxg6 13. Qg4 Bd7 14. h4 Rf5 15.
Ng1 {In the classical variation of the French Defence White does not have a
viable alternative to the attempt at a kingside attack. The knight retreats to
g1 in order to start the manoeuvre to a more promising spot. Due to the closed
character of the position the loss of time does not play an important role.}
15... Raf8 16. Ne2 Ne7 (16... b5 17. Ng3 Qa5 18. Kd2 Be8 19. f3 Ne7 20. Bg5 Nc6
21. Be3 Ne7 22. Bg5 22... Nc6 {
1/2 Landa,K (2600)-Timman,J (2630)/Netherlands 2005}) 17. Ng3 Qa5 18. Kd2 h5
19. Qh3 R5f7 (19... Nc6 20. Ne2 Qc7 21. g4 Rxe5 22. Qg3 hxg4 23. dxe5 Nxe5 24.
Bf4 Rxf4 25. Qxf4 Nf3+ 26. Kc1 e5 27. Qe3 Qc6 28. Rd1 Bf5 29. Ng3 {
1-0 Landa,K (2550)-Apicella,M (2532)/Paris 2004 (40)}) 20. Ne2 Nf5 21. Bg5
21... Ne7 $6 {Socko has not mastered his defensive tasks well. It seems that
the original knight move to h6 would solve all the problems.} (21... Nh6 $1 22.
Bxh6 (22. f4 22... Ng4 $17) 22... gxh6 23. f4 Kg7 24. Rhg1 Rg8 25. g4 hxg4 26.
Qxg4 Kh7 27. h5 27... g5 $11) 22. f4 Nf5 (22... Nc6 23. g4 b6 24. gxh5 gxh5 25.
Rhg1) 23. g4 23... hxg4 $2 {The second mistake will be painful for Black.
Opening the files in front of one's own king does not make for a clever plan.}
(23... Ne7 24. Bxe7 Rxe7 25. gxh5 gxh5 26. Rhg1 $13) 24. Qxg4 Be8 (24... Ba4
25. h5 gxh5 26. Qxh5 Rd7 27. Qg6 Qb6 28. Rh2 Bxc2 29. Kxc2 Qb3+ 30. Kc1 Ne3 31.
Kd2 $18) 25. h5 25... gxh5 $6 {The last inaccuracy probably does not really
spoil things, since White has already managed to gain a lot in the attack.} (
25... Rd7 26. hxg6 Bxg6 27. Rag1 $1 (27. Bd8 Qxd8 28. Qxg6 28... Qe8 $11) 27...
Bh7 (27... Qb6 28. Bf6 Bh7 29. Qh5 g6 30. Rxg6+ Bxg6 31. Qxg6+ Rg7 32. Bxg7
Nxg7 33. Rh7 Qc7 34. Qh6 $18) 28. Qh5 g6 29. Bf6 Rg7 30. Qg5 $18) 26. Qxh5 Rd7
(26... Nh6 27. Qh4 $1 27... Rf5 28. Bxh6 $18) 27. Qh7+ Kf7 28. Rh6 $1 {
The exchange sacrifice decides matters on the spot; the white pieces are
approaching with the speed of light.} 28... Nxh6 (28... b5 29. Rf6+ Ke7 30.
Rxf5+ $18) 29. Bxh6 Rg8 (29... Ke7 30. Bg5+ Kf7 31. f5 $1 31... exf5 32. Rf1
$18) 30. f5 $1 {Black defenders on light squares are unable to help at all.}
30... Kf8 (30... Qb6 31. Rf1 $18) 31. fxe6 1-0